Movies Quiz

Random Movies or Clickable Quiz

'Cinderella' Start to Finish Quiz Stats

 Plays Quiz Updated Jun 1, 2018

Challenge
Share
Tweet
Embed
Score 0/10 Timer 04:00
10 Plays Today
% Correct
???
100%
???
80.4%
???
66.8%
???
55%
???
53.3%
???
48.9%
???
30.1%
???
28%
???
23.2%
???
23.2%

You're not logged in!

Compare scores with friends on all Sporcle quizzes.
Join for Free
OR
Log In

You Might Also Like...

Show Comments

Extras

Top Quizzes Today


Score Distribution

Your Account Isn't Verified!

In order to create a playlist on Sporcle, you need to verify the email address you used during registration. Go to your Sporcle Settings to finish the process.

Report this User

Report this user for behavior that violates our Community Guidelines.

Details: